000 00679nam a2200253 i 4500
001 C2-0115499
003 PPAK
005 20180727105231.0
008 970716s1982 xx a|||| ||||| | eng d
020 _a9622110290
040 _aPPAK
_beng
_cPPAK
_erda
082 0 4 _a428
_223
090 0 0 _a428
_bMAC
_dG
100 1 _aMacintosh, Duncan,
_eauthor
245 1 0 _aEnglish for business
250 _a3rd.ed.
264 1 _bBook Marketing Ltd. ,
_c1982
300 _avii, 384 pages :
_billustrations ;
_c26 cm
336 _2rdacontent
_atext
337 _2rdamedia
_aunmediated
338 _2rdacarrier
_avolume
650 1 0 _aEnglish language-business english
942 _ddc
_cB
999 _c29910
_d29910